00834cam a22002657a 450000500170000000800410001701000100005801100100006803500100007808200160008810000360010424500400014026000350018030000140021559000410022959000410027059000410031159000420035265000300039465000330042470000310045790100070048894900560049599900170055120220329141132.0971010s1986 r 00010 d a63156 a64128 a69321 a621.815bS500aShigley, Joseph Edward.9105688 0aStandard handbook of machine design aNew York :bMcGraw-Hill,c1986 a[1610] p. aBATCH-UPDb10c20130110lUCH01h2112 aBATCH-UPDb10c20130410lUCH01h1423 aBATCH-UPDb10c20130914lUCH01h1618 aCONVERSIONb10c20130109lUCH01h133414aDibujo mecánico.93244414aMaquinariaxDiseño.9711430 aMischke, Charles R.976173 aBK a621.815 S5bMAcLIBROd-1512eLIBROh1503i69321si c63156d63156